[Event "www.ChessWorld.net server game"]
[Site "www.ChessWorld.net "]
[Date "2007.5.5"]
[Round "NA"]
[White "joselito"]
[Black "Simonpeers"]
[Result "1-0"]
[Termination "Black resigned"]
[WhiteElo "1175"]
[BlackElo "1490"]
[Mode "ICS"]
[DateLastMove "2007.5.17"]
[Board "3679329"]

1.e4 e5 2.Nf3 Nc6 3.Bb5 a6 4.Bxc6 dxc6 5.Nxe5 Bc5 6.Qf3 Nf6 7.Qb3 O-O 8.Qc4 Bb6 9.O-O Be6 10.Qe2 Qd4 11.Nd3 Nxe4 12.c3 Qd5 13.Nf4 Qc4 14.d3 Qc5 15.dxe4 Bc4 16.Nd3 Qb5 17.Na3 Qa4 18.b3 Bxb3 19.Qg4 Be6 20.Qg3 Qxe4 21.Bh6 g6 22.Qe5 Qxe5 23.Nxe5 Rfd8 24.Nc2 Rd2 25.Ne3 Bxa2 26.N3g4 Be6 27.Nf6+ Kh8 28.Bxd2 Rd8 29.Bh6 Rd3 {Black resigned} 1-0

[Event "www.ChessWorld.net server game"]
[Site "www.ChessWorld.net "]
[Date "2007.5.5"]
[Round "NA"]
[White "joselito"]
[Black "Shadow Fox"]
[Result "1-0"]
[Termination "Black resigned"]
[WhiteElo "1128"]
[BlackElo "833"]
[Mode "ICS"]
[DateLastMove "2007.5.14"]
[Board "3679919"]

1.e4 Nf6 2.Nc3 e5 3.Bb5 Bb4 4.Nf3 b6 5.O-O Bxc3 6.dxc3 Ba6 7.Bxa6 Nxa6 8.Bg5 O-O 9.Nxe5 Re8 10.Bxf6 Qxf6 11.Nxd7 Qd6 12.Qg4 Re7 13.Rad1 Qg6 14.Qg3 Qxe4 15.Nf6+ Kf8 16.Nxe4 Rxe4 17.Rd7 Ke8 18.Rfd1 Nc5 19.Qxc7 Nxd7 20.Qxd7+ {Black resigned} 1-0

[Event "www.ChessWorld.net server game"]
[Site "www.ChessWorld.net "]
[Date "2007.5.5"]
[Round "NA"]
[White "joselito"]
[Black "Shadow Fox"]
[Result "1-0"]
[Termination "Black king mated"]
[WhiteElo "832"]
[BlackElo "834"]
[Mode "ICS"]
[DateLastMove "2007.5.13"]
[Board "3679921"]

1.e4 g6 2.Nf3 Bh6 3.Bc4 b6 4.O-O Ba6 5.d4 Bxc4 6.Re1 Bxc1 7.Qxc1 d5 8.Qe3 Nf6 9.e5 Ng4 10.Qf4 Qd7 11.Nbd2 Rg8 12.h3 Nxf2 13.Kxf2 Qb5 14.e6 f5 15.Ne5 Qxb2 16.Nf7 Na6 17.Nh6 Rf8 18.Nf7 Nb4 19.Qxc7 Qxd4+ 20.Kg3 Nxc2 21.Qd7+ {Black king mated} 1-0

[Event "www.ChessWorld.net server game"]
[Site "www.ChessWorld.net "]
[Date "2007.5.9"]
[Round "NA"]
[White "joselito"]
[Black "islandcowgirl"]
[Result "1-0"]
[Termination "Black king mated"]
[WhiteElo "1400"]
[BlackElo "964"]
[Mode "ICS"]
[DateLastMove "2007.5.10"]
[Board "3693866"]

1.e4 d6 2.Nf3 Bg4 3.Bb5+ c6 4.Ba4 b5 5.Bb3 Nf6 6.Qe2 Na6 7.a3 b4 8.d4 bxa3 9.Qxa6 e5 10.Qxc6+ Ke7 11.Nc3 Rc8 12.Nd5+ Ke6 13.Ng5+ {Black king mated} 1-0

[Event "www.ChessWorld.net server game"]
[Site "www.ChessWorld.net "]
[Date "2007.5.10"]
[Round "NA"]
[White "joselito"]
[Black "Castlegrande"]
[Result "1-0"]
[Termination "Black resigned"]
[WhiteElo "1025"]
[BlackElo "1400"]
[Mode "ICS"]
[DateLastMove "2007.5.14"]
[Board "3695665"]

1.e4 e5 2.Nf3 Nc6 3.Bb5 Nf6 4.d3 Bc5 5.O-O O-O 6.Nbd2 d6 7.b3 Bd7 8.Bxc6 Bxc6 9.Nc4 d5 10.Ncxe5 dxe4 11.Bg5 exf3 12.Nxf3 Qd5 13.Bxf6 gxf6 14.c4 Qd7 15.d4 Bxf3 16.Qxf3 Bd6 17.Qxf6 Be7 18.Qh6 Kh8 19.Rae1 Rg8 20.Re3 Bg5 21.Qh5 Bxe3 22.Qe5+ Rg7 23.Qxe3 Rag8 24.g3 h5 25.Re1 h4 26.Qh6+ Rh7 27.Qf6+ Rgg7 28.Re7 Qd8 29.d5 Kg8 30.a4 Rg6 31.Qe5 Rh5 32.Re8+ {Black resigned} 1-0

[Event "www.ChessWorld.net server game"]
[Site "www.ChessWorld.net "]
[Date "2007.5.10"]
[Round "NA"]
[White "joselito"]
[Black "AIDYOOO"]
[Result "1-0"]
[Termination "Black king mated"]
[WhiteElo "1178"]
[BlackElo "1121"]
[Mode "ICS"]
[DateLastMove "2007.5.19"]
[Board "3695667"]

1.e4 e6 2.Nf3 Bc5 3.Bc4 f6 4.O-O g5 5.d4 Bb4 6.d5 h5 7.dxe6 g4 8.Nd4 d6 9.Nc3 c6 10.Bf4 b6 11.a3 Ba5 12.b4 c5 13.bxa5 cxd4 14.Bb5+ Ke7 15.Qxd4 Bxe6 16.Rad1 Rh7 17.Bxd6+ Kf7 18.e5 bxa5 19.Bc4 Qc8 20.Bxe6+ Qxe6 21.Qe4 Rg7 22.Qxa8 Nd7 23.exf6 Qxf6 24.g3 Qxc3 25.Qxa7 Kg6 26.Qxa5 Qf6 27.f4 h4 28.gxh4 Qxh4 29.f5+ Kf7 30.Bg3 Qg5 31.Rxd7+ Kf6 32.Be5+ {Black king mated} 1-0

[Event "www.ChessWorld.net server game"]
[Site "www.ChessWorld.net "]
[Date "2007.5.10"]
[Round "NA"]
[White "joselito"]
[Black "Bekki22"]
[Result "1-0"]
[Termination "Black king mated"]
[WhiteElo "1255"]
[BlackElo "849"]
[Mode "ICS"]
[DateLastMove "2007.6.7"]
[Board "3695669"]

1.e4 Nf6 2.Nc3 e6 3.Nf3 Bd6 4.Bb5 a6 5.Ba4 Nc6 6.O-O b5 7.Bb3 Na5 8.e5 Bc5 9.exf6 gxf6 10.d4 Bd6 11.Ne4 Nxb3 12.cxb3 f5 13.Bg5 f6 14.Nxf6+ Ke7 15.Nh5+ Ke8 16.Bxd8 Kxd8 17.Ng5 Rg8 18.Nxh7 c5 19.N5f6 Rg7 20.Qh5 Be7 21.Qf3 Rf7 22.Qxa8 Bxf6 23.Nxf6 Rxf6 24.dxc5 d5 25.c6 e5 26.c7+ Kxc7 27.Rac1+ Kd8 28.Qxc8+ Ke7 29.Rc7+ Kd6 30.Qd7+ {Black king mated} 1-0

[Event "www.ChessWorld.net server game"]
[Site "www.ChessWorld.net "]
[Date "2007.5.12"]
[Round "NA"]
[White "joselito"]
[Black "wackyjacky"]
[Result "1-0"]
[Termination "Black king mated"]
[WhiteElo "1163"]
[BlackElo "1083"]
[Mode "ICS"]
[DateLastMove "2007.5.19"]
[Board "3702909"]

1.e4 e5 2.Nf3 Bd6 3.Bc4 Nh6 4.O-O O-O 5.d3 c5 6.Bxh6 gxh6 7.Nc3 Nc6 8.Nd5 Na5 9.c3 b6 10.Qc2 Bb7 11.b4 Nxc4 12.dxc4 f5 13.Qd2 f4 14.bxc5 bxc5 15.Rab1 Qb8 16.Ne7+ Bxe7 17.Qxd7 Qd8 18.Qxb7 h5 19.Nxe5 Qd6 20.Nf3 h4 21.e5 Qe6 22.Rfd1 Rad8 23.Qxa7 Rxd1+ 24.Rxd1 h3 25.gxh3 Qg6+ 26.Kf1 Rf7 27.Rd7 Qe6 28.Qb8+ Kg7 29.Ra7 Qxh3+ 30.Ke2 Qg4 31.Ra8 Qe6 32.Qg8+ Kh6 33.Ng5 Bxg5 34.Rf8 Qxc4+ 35.Kf3 Qxc3+ 36.Kg2 Rxf8 37.Qxf8+ Kh5 38.Qf7+ Kh6 39.Qe6+ Kh5 40.Qf5 f3+ 41.Kg3 Kh6 42.h4 Be7 43.Qe6+ Kh5 44.Qxe7 Kh6 45.Qg5+ {Black king mated} 1-0

[Event "www.ChessWorld.net server game"]
[Site "www.ChessWorld.net "]
[Date "2007.5.12"]
[Round "NA"]
[White "joselito"]
[Black "Ahasverus"]
[Result "1-0"]
[Termination "Black resigned"]
[WhiteElo "1263"]
[BlackElo "1492"]
[Mode "ICS"]
[DateLastMove "2007.5.23"]
[Board "3702915"]

1.e4 e5 2.Nf3 Nc6 3.Bb5 Qf6 4.O-O Bc5 5.Bxc6 Qxc6 6.Nxe5 Qe6 7.Nf3 Nf6 8.Nc3 O-O 9.Ng5 Qe5 10.d4 Bxd4 11.Nf3 Qd6 12.Qxd4 Qxd4 13.Nxd4 d5 14.Nxd5 Nxe4 15.Ne7+ Kh8 16.f3 Nd6 17.Bf4 Bd7 18.Bxd6 cxd6 19.Rad1 a5 20.Ndf5 Bb5 21.Rfe1 Rfd8 22.Nd5 Bc4 23.b3 Bb5 24.Nc7 Bd7 25.Nxa8 Bxf5 26.Nc7 Bxc2 27.Rxd6 Rg8 28.Re7 Bg6 29.Red7 h6 30.Nd5 b5 31.Ne7 Rf8 32.Nxg6+ {Black resigned} 1-0

[Event "www.ChessWorld.net server game"]
[Site "www.ChessWorld.net "]
[Date "2007.5.13"]
[Round "NA"]
[White "joselito"]
[Black "Stirromack"]
[Result "1-0"]
[Termination "Black resigned"]
[WhiteElo "1284"]
[BlackElo "1200"]
[Mode "ICS"]
[DateLastMove "2007.5.22"]
[Board "3706493"]

1.e4 Nf6 2.Nc3 e5 3.Nf3 d6 4.Bc4 Be6 5.Bxe6 fxe6 6.O-O d5 7.d3 Nc6 8.exd5 exd5 9.Bg5 d4 10.Nb5 a6 11.Na3 h6 12.Bxf6 gxf6 13.c3 Qd7 14.cxd4 exd4 15.Rc1 O-O-O 16.Qb3 Bd6 17.Nc4 Bf4 18.Rc2 b5 19.Ncd2 Na5 20.Qb4 Nc6 21.Qc5 Bd6 22.Qxc6 Qxc6 23.Rxc6 {Black resigned} 1-0

[Event "www.ChessWorld.net server game"]
[Site "www.ChessWorld.net "]
[Date "2007.5.13"]
[Round "NA"]
[White "joselito"]
[Black "pinzinit"]
[Result "1-0"]
[Termination "Black king mated"]
[WhiteElo "1295"]
[BlackElo "1054"]
[Mode "ICS"]
[DateLastMove "2007.5.30"]
[Board "3706495"]

1.e4 e5 2.Nf3 Bc5 3.Bc4 Nf6 4.Nc3 a6 5.Nxe5 O-O 6.O-O d6 7.Nf3 Re8 8.d4 Ba7 9.e5 Nfd7 10.Nd2 dxe5 11.Bd3 exd4 12.Ne2 Nc6 13.Ng3 Nde5 14.Qh5 g6 15.Qd1 Nxd3 16.cxd3 Ne5 17.Nf3 Nxf3+ 18.Qxf3 Re6 19.Bh6 Rf6 20.Qe2 Be6 21.Bg5 Qe7 22.Bxf6 Qxf6 23.Ne4 Qe5 24.Qf3 Bd5 25.Qh3 Re8 26.Qh4 Re6 27.Ng5 Qf6 28.Qxh7+ Kf8 29.Nxe6+ Bxe6 30.Rac1 c6 31.b4 Bf5 32.Qh6+ Kg8 33.Rfe1 Qd8 34.a4 Bxd3 35.b5 axb5 36.axb5 Bxb5 37.Re4 c5 38.Rh4 Qf6 39.Re1 Qg7 40.Qxg7+ Kxg7 41.Re7 d3 42.Re1 c4 43.Rhe4 Bc5 44.Re5 b6 45.g3 c3 46.h4 d2 47.Ra1 f6 48.Rd5 Be2 49.Rd7+ Kh6 50.Kg2 b5 51.f4 b4 52.Kh3 b3 53.g4 c2 54.g5+ fxg5 55.fxg5+ Kh5 56.Rh7+ {Black king mated} 1-0

[Event "www.ChessWorld.net server game"]
[Site "www.ChessWorld.net "]
[Date "2007.5.14"]
[Round "NA"]
[White "joselito"]
[Black "Castlegrande"]
[Result "1-0"]
[Termination "Black resigned"]
[WhiteElo "1269"]
[BlackElo "1337"]
[Mode "ICS"]
[DateLastMove "2007.5.30"]
[Board "3708215"]

1.e4 e5 2.Nf3 Nc6 3.Bb5 Nf6 4.O-O Bc5 5.Bxc6 dxc6 6.c4 Be6 7.d3 O-O 8.Nbd2 Bg4 9.Qe2 Nh5 10.b3 Nf4 11.Qd1 f5 12.g3 Nh3+ 13.Kg2 Ng5 14.Bb2 Nxf3 15.Nxf3 Bxf3+ 16.Qxf3 f4 17.Qg4 Rf6 18.gxf4 Rg6 19.Qxg6 hxg6 20.Bxe5 Bd4 21.Bxd4 Qxd4 22.Rad1 Qb2 23.Ra1 Rd8 24.e5 Rxd3 25.e6 Kf8 26.Rfe1 Rd2 27.e7+ Ke8 28.Kg3 Rxf2 29.h4 Rg2+ 30.Kf3 Qf2+ 31.Ke4 c5 32.Kd5 Qd4+ 33.Ke6 Qf6+ 34.Kd5 b6 35.Rad1 Qd6+ 36.Ke4 Rg4 {Black resigned} 1-0

[Event "www.ChessWorld.net server game"]
[Site "www.ChessWorld.net "]
[Date "2007.5.15"]
[Round "NA"]
[White "joselito"]
[Black "knight shade"]
[Result "1-0"]
[Termination "Black king mated"]
[WhiteElo "1237"]
[BlackElo "1119"]
[Mode "ICS"]
[DateLastMove "2007.5.20"]
[Board "3714300"]

1.e4 e5 2.Nf3 d6 3.c4 c5 4.d3 Nc6 5.Ng5 Nh6 6.Nh3 Nd4 7.Bxh6 gxh6 8.Nd2 Be6 9.Nf3 Bg7 10.Nxd4 cxd4 11.Be2 Qd7 12.Ng1 O-O-O 13.Nf3 Kb8 14.O-O Rc8 15.a4 Rhg8 16.a5 Bf6 17.Qb3 Bh3 18.g3 Rg7 19.Rfc1 a6 20.Bf1 Qg4 21.Qb6 Qxf3 22.Qxd6+ Rc7 23.Bxh3 Bh4 24.Bg2 Qe2 25.Qxe5 f6 26.Qe8+ Rc8 27.Qe6 Qxb2 28.Qd5 Bg5 29.Rcb1 Qc3 30.e5 Qxd3 31.Rxb7+ Rxb7 32.Qxb7+ {Black king mated} 1-0

[Event "www.ChessWorld.net server game"]
[Site "www.ChessWorld.net "]
[Date "2007.5.19"]
[Round "NA"]
[White "joselito"]
[Black "PouncingMel"]
[Result "1-0"]
[Termination "Black resigned"]
[WhiteElo "1260"]
[BlackElo "889"]
[Mode "ICS"]
[DateLastMove "2007.5.21"]
[Board "3726304"]

1.e4 d5 2.exd5 Qxd5 3.Nc3 Qe6+ 4.Be2 h6 5.d4 a6 6.Nf3 Nf6 7.O-O c6 8.Bd3 Nbd7 9.Ne2 c5 10.Nf4 Qg4 11.Nh3 cxd4 12.Be2 Ne4 13.Qxd4 f6 14.Bc4 e5 15.Qd5 Nb6 16.Qf7+ Kd8 17.Rd1+ Bd7 18.Bb5 Kc8 19.Bxd7+ Nxd7 20.Qe8+ Kc7 21.Qxa8 {Black resigned} 1-0

[Event "www.ChessWorld.net server game"]
[Site "www.ChessWorld.net "]
[Date "2007.5.21"]
[Round "NA"]
[White "joselito"]
[Black "knight shade"]
[Result "1-0"]
[Termination "Black king mated"]
[WhiteElo "1221"]
[BlackElo "1093"]
[Mode "ICS"]
[DateLastMove "2007.6.6"]
[Board "3735153"]

1.e4 e5 2.Nf3 Nf6 3.Nc3 c5 4.Nxe5 Bd6 5.Nf3 O-O 6.e5 Bxe5 7.Bc4 d6 8.O-O Nc6 9.Nd5 Kh8 10.Nxf6 Qxf6 11.c3 Qg6 12.d4 Bf6 13.g3 Na5 14.Bd3 Bd7 15.Bxg6 fxg6 16.Bg5 Bxg5 17.Nxg5 Nc6 18.h4 Ne7 19.h5 h6 20.Ne4 g5 21.Nxd6 b6 22.Nc4 Nd5 23.Ne5 Be6 24.Ng6+ Kg8 25.Nxf8 Rxf8 26.dxc5 bxc5 27.Re1 Bf5 28.Qxd5+ Kh8 29.Re7 a5 30.Qe5 Rf6 31.Re8+ Kh7 32.g4 Bxg4 33.Qe4+ g6 34.Qe7+ Rf7 35.Qxf7+ {Black king mated} 1-0

[Event "www.ChessWorld.net server game"]
[Site "www.ChessWorld.net "]
[Date "2007.5.29"]
[Round "NA"]
[White "joselito"]
[Black "Ed24426"]
[Result "1-0"]
[Termination "Black resigned"]
[WhiteElo "1393"]
[BlackElo "1378"]
[Mode "ICS"]
[DateLastMove "2007.9.27"]
[Board "3760345"]

1.e4 e5 2.Nf3 Nc6 3.Bc4 h6 4.O-O Nf6 5.b3 Nxe4 6.Qe2 Nf6 7.Nc3 a6 8.Ne4 b5 9.Nxf6+ Qxf6 10.Bd5 Bb7 11.Bb2 Bd6 12.c4 O-O 13.cxb5 axb5 14.a3 b4 15.axb4 Rfe8 16.Rxa8 Rxa8 17.b5 Na5 18.Bxb7 Nxb7 19.Bxe5 Bxe5 20.d4 Bf4 21.g3 Bd6 22.Nh4 Qxd4 23.Nf5 Qb4 24.Qb2 f6 25.Qe2 Qxb3 26.Qg4 Qf7 27.Nxh6+ {Black resigned} 1-0

[Event "www.ChessWorld.net server game"]
[Site "www.ChessWorld.net "]
[Date "2007.5.29"]
[Round "NA"]
[White "joselito"]
[Black "Margo954"]
[Result "1-0"]
[Termination "Black king mated"]
[WhiteElo "1241"]
[BlackElo "1243"]
[Mode "ICS"]
[DateLastMove "2007.6.6"]
[Board "3760382"]

1.e4 e5 2.Nf3 Nc6 3.Bb5 Nf6 4.Nc3 Bc5 5.O-O d5 6.exd5 Nxd5 7.d3 Nxc3 8.bxc3 Bf5 9.Bc4 e4 10.Ng5 f6 11.Nf7 Qd7 12.Nxh8 O-O-O 13.Nf7 Bg4 14.Qe1 Ne5 15.Nxd8 Qxd8 16.d4 Nxc4 17.dxc5 f5 18.a4 g5 19.a5 a6 20.h3 Bh5 21.Ra4 Ne5 22.Rd4 Qe7 23.f4 gxf4 24.Rxf4 Qxc5 25.Rxf5 Bg6 26.Qh4 b5 27.Qd8+ Kb7 28.Rf8 Nc6 29.Qa8+ {Black king mated} 1-0

[Event "www.ChessWorld.net server game"]
[Site "www.ChessWorld.net "]
[Date "2007.5.31"]
[Round "NA"]
[White "joselito"]
[Black "cosey"]
[Result "1-0"]
[Termination "Black resigned"]
[WhiteElo "1317"]
[BlackElo "1301"]
[Mode "ICS"]
[DateLastMove "2007.6.17"]
[Board "3768081"]

1.e4 e6 2.Bc4 c6 3.Nf3 Na6 4.O-O d5 5.exd5 cxd5 6.Bxa6 bxa6 7.Ne5 Qc7 8.Nf3 Bb7 9.Nc3 Bb4 10.d4 Bxc3 11.bxc3 Qxc3 12.Bd2 Qc7 13.c3 Nf6 14.h3 Ne4 15.Ng5 Nxd2 16.Qxd2 h6 17.Nf3 Bc8 18.Rfe1 Bd7 19.Ne5 Bb5 20.Qf4 Qxc3 21.Qxf7+ Kd8 22.Qxg7 Re8 23.Rab1 Qxd4 24.Nf7+ {Black resigned} 1-0

[Event "www.ChessWorld.net server game"]
[Site "www.ChessWorld.net "]
[Date "2007.6.9"]
[Round "NA"]
[White "joselito"]
[Black "revs"]
[Result "1-0"]
[Termination "Black resigned"]
[WhiteElo "1267"]
[BlackElo "1394"]
[Mode "ICS"]
[DateLastMove "2007.6.14"]
[Board "3801025"]

1.e4 c5 2.Bc4 Nc6 3.Qe2 a6 4.Nf3 e6 5.c3 b5 6.Bb3 c4 7.Bc2 Bb7 8.O-O h6 9.d4 b4 10.Qxc4 Nf6 11.Qd3 Be7 12.e5 Nd5 13.Bb3 bxc3 14.Nxc3 Nf4 15.Bxf4 g5 16.Be3 Nb4 17.Qc4 Bxf3 18.a3 d5 19.Qxb4 Rb8 20.Qa4+ Qd7 21.gxf3 Qxa4 22.Bxa4+ Kf8 23.f4 Rxb2 24.Nd1 Rb8 25.fxg5 hxg5 26.f4 gxf4 27.Bxf4 Rc8 28.Nf2 Rc4 29.Bd1 Rxd4 30.Be3 Rdh4 31.Nh1 Rxh2 32.Bf3 f6 33.Bf4 Bc5+ 34.Nf2 fxe5 35.Bxh2 e4 36.Rac1 Bxf2+ 37.Kxf2 exf3 38.Kxf3 Rxh2 39.Kg3+ Ke7 40.Kxh2 Kd6 41.Rf8 Ke5 42.Rc7 a5 43.Ra7 d4 44.Rxa5+ Ke4 45.Rf1 e5 46.Rb5 d3 47.Kg2 Kd4 48.Ra1 e4 49.Rb4+ Kc3 50.Rxe4 d2 51.a4 Kd3 52.Re8 Kc2 {Black resigned} 1-0

[Event "www.ChessWorld.net server game"]
[Site "www.ChessWorld.net "]
[Date "2007.6.9"]
[Round "NA"]
[White "joselito"]
[Black "novice1234"]
[Result "1-0"]
[Termination "Black king mated"]
[WhiteElo "1371"]
[BlackElo "1127"]
[Mode "ICS"]
[DateLastMove "2007.7.24"]
[Board "3801027"]

1.e4 e5 2.Nf3 d6 3.c3 a6 4.Qb3 Nc6 5.Qd5 Be6 6.Qd3 Nf6 7.Be2 Bd5 8.exd5 e4 9.Qe3 h6 10.dxc6 bxc6 11.Nd4 Qd7 12.O-O c5 13.Nc2 Be7 14.Qg3 Rg8 15.d3 d5 16.Ne3 exd3 17.Bxd3 Bd6 18.Qf3 Be7 19.c4 dxc4 20.Nxc4 Ng4 21.Bf5 Qb5 22.Bxg4 Qxc4 23.Qxa8+ Bd8 24.h3 f6 25.Qc6+ Kf7 26.Nd2 Qd4 27.Nf3 Qd6 28.Qxd6 cxd6 29.Re1 Ba5 30.Re6 d5 31.Rxa6 Bd8 32.Be3 d4 33.Be6+ Ke8 34.Bxg8 dxe3 35.Re1 Kf8 36.Bh7 g5 37.Rxe3 c4 38.Ra8 Kg7 39.Rxd8 Kxh7 40.Re7+ Kg6 41.g4 f5 42.Rd6+ {Black king mated} 1-0

[Event "www.ChessWorld.net server game"]
[Site "www.ChessWorld.net "]
[Date "2007.6.10"]
[Round "NA"]
[White "joselito"]
[Black "David98314"]
[Result "1-0"]
[Termination "Black resigned"]
[WhiteElo "1433"]
[BlackElo "1462"]
[Mode "ICS"]
[DateLastMove "2007.7.17"]
[Board "3805590"]

1.e4 e5 2.Nf3 Nc6 3.Bc4 Bc5 4.O-O d6 5.Qe2 Be6 6.Bxe6 fxe6 7.b3 Nd4 8.Qd3 Nf6 9.Bb2 Nxf3+ 10.Qxf3 O-O 11.c3 d5 12.exd5 exd5 13.c4 c6 14.d3 d4 15.Nd2 Bb4 16.Ne4 Nxe4 17.Qxe4 Re8 18.c5 Bxc5 19.Rac1 Qf6 20.Rxc5 Rac8 21.Rcc1 Re7 22.Rce1 Rf8 23.Ba3 Ref7 24.Bxf8 Rxf8 25.b4 Qf7 26.Qxe5 Qxa2 27.Qe7 Qb3 28.Re5 g6 29.h4 Qxd3 30.h5 {Black resigned} 1-0

[Event "www.ChessWorld.net server game"]
[Site "www.ChessWorld.net "]
[Date "2007.6.10"]
[Round "NA"]
[White "joselito"]
[Black "ray9"]
[Result "1-0"]
[Termination "Black king mated"]
[WhiteElo "1408"]
[BlackElo "1331"]
[Mode "ICS"]
[DateLastMove "2007.7.12"]
[Board "3805591"]

1.e4 e5 2.Nf3 Qf6 3.Bc4 Bc5 4.O-O d6 5.Qe2 Nc6 6.b3 Nb4 7.Nc3 Qg6 8.d3 Bh3 9.Nh4 Qf6 10.Nf3 h6 11.gxh3 g5 12.Nd5 Qd8 13.c3 c6 14.Nxb4 d5 15.exd5 cxd5 16.Qxe5+ Kf8 17.Qxh8 dxc4 18.Ne5 cxd3 19.Qh7 Qf6 20.Nd7+ Ke7 21.Nxf6 Nxf6 22.Re1+ Kd6 23.Qxf7 Ne8 24.Re6+ {Black king mated} 1-0

[Event "www.ChessWorld.net server game"]
[Site "www.ChessWorld.net "]
[Date "2007.6.10"]
[Round "NA"]
[White "joselito"]
[Black "calchess10"]
[Result "1-0"]
[Termination "Black resigned"]
[WhiteElo "1438"]
[BlackElo "1348"]
[Mode "ICS"]
[DateLastMove "2007.7.10"]
[Board "3805596"]

1.e4 e5 2.Bc4 Nf6 3.Nf3 Nc6 4.a3 a6 5.O-O Be7 6.h3 O-O 7.Nc3 h6 8.Bd3 d6 9.Qe1 Nd4 10.Nxd4 exd4 11.Ne2 Nh7 12.Nxd4 c5 13.Nf3 Ng5 14.Nxg5 Bxg5 15.Bc4 b5 16.Bd5 Ra7 17.d3 Be6 18.Bxg5 Qxg5 19.Bxe6 fxe6 20.b3 Rf3 21.g3 Raf7 22.b4 R7f4 23.bxc5 dxc5 24.a4 b4 25.a5 Rh4 26.Kg2 Rhf4 27.Kh2 Rf6 28.Rg1 Rxf2+ 29.Rg2 Rxg2+ 30.Kxg2 h5 31.h4 Qg4 32.Qe3 Rf3 33.Qxf3 e5 34.Qxg4 hxg4 35.c3 b3 36.Kf2 Kf7 37.Ke3 Ke6 38.Rb1 {Black resigned} 1-0

[Event "www.ChessWorld.net server game"]
[Site "www.ChessWorld.net "]
[Date "2007.6.10"]
[Round "NA"]
[White "joselito"]
[Black "Ironpig"]
[Result "1-0"]
[Termination "Black resigned"]
[WhiteElo "1217"]
[BlackElo "1347"]
[Mode "ICS"]
[DateLastMove "2007.6.11"]
[Board "3805599"]

1.e4 e5 2.Bc4 d6 3.Qf3 f5 4.a3 f4 5.Qh5+ g6 6.Qf3 Nf6 7.Nh3 Bg4 8.Qb3 Bxh3 9.Bf7+ Kd7 10.Qe6+ Kc6 11.Qd5+ Kd7 12.Be6+ Ke8 13.Qb5+ Ke7 14.Bxh3 b6 15.Qe2 Bh6 16.d3 c6 17.Nd2 Re8 18.Nf3 Kf8 19.O-O Kg7 20.Nh4 Qd7 21.Bxd7 Nbxd7 22.d4 c5 23.b3 cxd4 24.g3 fxg3 25.Bxh6+ Kxh6 26.fxg3 Kg7 27.g4 Kh8 28.g5 Ng8 29.Qf3 Rf8 30.Qh3 Kg7 31.Qxd7+ Kh8 32.Qh3 h6 33.Nxg6+ Kh7 34.Nxf8+ Rxf8 35.Rxf8 Kg7 36.Qf3 {Black resigned} 1-0

[Event "www.ChessWorld.net server game"]
[Site "www.ChessWorld.net "]
[Date "2007.6.10"]
[Round "NA"]
[White "joselito"]
[Black "CHESSMENGO"]
[Result "1-0"]
[Termination "White claimed a win on time"]
[WhiteElo "1217"]
[BlackElo "1347"]
[Mode "ICS"]
[DateLastMove "2007.6.25"]
[Board "3805603"]

1.e4 d5 2.f3 dxe4 3.fxe4 e5 4.Bc4 Nc6 5.Nf3 Bg4 6.O-O Nd4 7.c3 Nxf3+ 8.gxf3 Bh3 9.Re1 Qg5+ 10.Kf2 Qg2+ 11.Ke3 {White claimed a win on time} 1-0

[Event "www.ChessWorld.net server game"]
[Site "www.ChessWorld.net "]
[Date "2007.6.10"]
[Round "NA"]
[White "joselito"]
[Black "Castlegrande"]
[Result "1-0"]
[Termination "Black resigned"]
[WhiteElo "1310"]
[BlackElo "1342"]
[Mode "ICS"]
[DateLastMove "2007.6.17"]
[Board "3805941"]

1.e4 e5 2.f4 exf4 3.Nf3 g5 4.Bc4 Nf6 5.O-O Nc6 6.d3 d6 7.h3 g4 8.Nh2 gxh3 9.gxh3 Bxh3 10.Rxf4 Rg8+ 11.Kf2 Rg2+ 12.Ke3 Bh6 13.Qf3 Bxf4+ 14.Qxf4 Ng4+ {Black resigned} 1-0

[Event "www.ChessWorld.net server game"]
[Site "www.ChessWorld.net "]
[Date "2007.6.10"]
[Round "NA"]
[White "joselito"]
[Black "swissbignose"]
[Result "1-0"]
[Termination "Black king mated"]
[WhiteElo "1352"]
[BlackElo "1243"]
[Mode "ICS"]
[DateLastMove "2007.6.18"]
[Board "3805943"]

1.e4 e5 2.Nf3 Nc6 3.Bc4 Nf6 4.O-O Bc5 5.Ng5 O-O 6.Bxf7+ Kh8 7.Bb3 d6 8.Nf7+ Rxf7 9.Bxf7 Ng4 10.h3 Nxf2 11.Qh5 Nxe4+ 12.Kh1 Ng3+ 13.Kh2 Nxh5 14.Bxh5 d5 15.d3 e4 16.Bg5 Qxg5 17.d4 Bxd4 18.Rf8+ {Black king mated} 1-0

[Event "www.ChessWorld.net server game"]
[Site "www.ChessWorld.net "]
[Date "2007.6.10"]
[Round "NA"]
[White "joselito"]
[Black "LouisParis"]
[Result "1-0"]
[Termination "Black resigned"]
[WhiteElo "1326"]
[BlackElo "1527"]
[Mode "ICS"]
[DateLastMove "2007.6.27"]
[Board "3805949"]

1.e4 e5 2.Bc4 d6 3.Nf3 Nf6 4.a3 Nxe4 5.Qe2 Nf6 6.O-O c5 7.Ng5 Be6 8.Bxe6 fxe6 9.Nxe6 Qe7 10.Nxf8 Qxf8 11.Qb5+ Nbd7 12.Qxb7 Qe7 13.Qxa8+ Qd8 14.Qxa7 O-O 15.c4 Ne4 16.d3 Nef6 17.Nc3 Qe7 18.h3 h6 19.Qb7 g5 20.a4 Rb8 21.Qf3 Nb6 22.Ne2 Rf8 23.a5 Nc8 24.b3 e4 25.dxe4 Nxe4 26.Qe3 Re8 27.h4 Qe5 28.Ra2 Ne7 29.hxg5 Qxg5 30.Qxe4 Qg7 31.Nf4 Rf8 32.Ne6 Qg6 33.Qxg6+ Nxg6 34.Nxf8 Kxf8 35.Bxh6+ Ke7 36.a6 Ne5 37.a7 {Black resigned} 1-0

[Event "www.ChessWorld.net server game"]
[Site "www.ChessWorld.net "]
[Date "2007.6.10"]
[Round "NA"]
[White "joselito"]
[Black "st george manchester"]
[Result "1-0"]
[Termination "Black resigned"]
[WhiteElo "1286"]
[BlackElo "1393"]
[Mode "ICS"]
[DateLastMove "2007.6.24"]
[Board "3805950"]

1.e4 e5 2.Nf3 Nc6 3.Bb5 d6 4.Bxc6+ bxc6 5.O-O Be7 6.c4 Nf6 7.d3 h6 8.b3 O-O 9.Be3 Bg4 10.Nbd2 Nh5 11.h3 Bxf3 12.Qxf3 Nf6 13.d4 Nh7 14.Qg3 Bh4 15.Qg4 a5 16.Bxh6 Bg5 17.Bxg5 Qxg5 18.Qxg5 Nxg5 19.dxe5 dxe5 20.Rad1 Rad8 21.h4 Ne6 22.Nf3 Rxd1 23.Rxd1 c5 24.Nxe5 f6 25.Ng6 Re8 26.h5 Kh7 27.Nh4 g5 28.hxg6+ Kg7 29.f3 Nf8 30.Rd5 Re5 31.Kf2 Nxg6 32.Nxg6 Kxg6 33.Rxe5 fxe5 34.Kg3 Kf6 35.Kg4 c6 36.a3 Ke6 37.Kg5 Kd6 38.Kf6 Kc7 39.g4 Kb6 40.g5 a4 41.bxa4 Ka5 42.g6 Kxa4 43.g7 {Black resigned} 1-0

[Event "www.ChessWorld.net server game"]
[Site "www.ChessWorld.net "]
[Date "2007.6.10"]
[Round "NA"]
[White "joselito"]
[Black "calchess10"]
[Result "1-0"]
[Termination "Black resigned"]
[WhiteElo "1254"]
[BlackElo "1419"]
[Mode "ICS"]
[DateLastMove "2007.6.23"]
[Board "3805952"]

1.e4 e5 2.Bc4 Nf6 3.d3 Nc6 4.Nf3 h6 5.Be3 d6 6.a3 Be7 7.Nh4 O-O 8.Nc3 a6 9.Qf3 Be6 10.Bxe6 fxe6 11.Ng6 Rf7 12.O-O b5 13.Qh3 Nd4 14.Bxh6 Nh7 15.Nxe7+ Qxe7 16.Be3 Nxc2 17.Rac1 Nxe3 18.fxe3 Raf8 19.Rxf7 Rxf7 20.Ne2 d5 21.Ng3 c5 22.d4 cxd4 23.Rc8+ Rf8 24.Rc1 d3 25.Nh5 a5 26.Rd1 Ng5 27.Qg3 g6 28.exd5 gxh5 29.d6 Qd8 30.Qxe5 Rf5 31.Qg3 Kh7 32.Rxd3 e5 33.d7 e4 34.Rd1 b4 35.axb4 axb4 36.h4 Nf7 37.Qh3 Rf6 38.Rd5 Qa8 39.Rxh5+ Kg7 40.Qg3+ Kf8 41.Rh7 Ke7 42.Qc7 Qd5 43.d8=Q+ Ke6 44.Qde7+ Kf5 45.Rh5+ Kg6 46.Rxd5 {Black resigned} 1-0